000
00329nam a22001217a 4500
005
20251108175522.0
008
250721s1980 xx 000 0 eng d
100
1
_a
ball, victoria kloss
245
1
0
_a
ARCHITECTURE AND INTERIOR DESIGN /
264
1
_a
new york :
_b
john ailey & sons,
_c
1980.
942
_2
ddc
_c
BK
999
_c
136032
_d
136032